[Event "DEM U10 2011"]
[Site "Oberhof GER"]
[Date "2011.06.12"]
[Round "2"]
[White "Reimers, Kim"]
[Black "Hoffmann, Lennard"]
[Result "1-0"]
[Termination "normal"]
[Board "19"]
[WhiteElo "1386"]
[BlackElo "1044"]
[PlyCount "41"]
[WhiteFideId "12930377"]
[BlackFideId "12943495"]
[EventCountry "GER"]
[EventRounds "11"]
[EventType "swiss"]
[EventDate "2011.06.11"]

1. e4 e5 2. Nf3 Nf6 3. Nc3 Nc6 4. Bb5 Nd4 5. O-O Bb4 6. Bc4 d6 7. Nxd4 exd4 8.
Ne2 Nxe4 9. Nxd4 O-O 10. d3 Nf6 11. Bd2 a5 12. Bxb4 axb4 13. Qd2 c5 14. Nf3 Bg4
15. Kh1 Bxf3 16. gxf3 Qd7 17. Qf4 Rae8 18. Rg1 Re5 19. Rxg7+ Kxg7 20. Rg1+ Kh8
21. Qxf6# 1-0

[Event "DEM U10 2011"]
[Site "Oberhof GER"]
[Date "2011.06.12"]
[Round "2"]
[White "Poetsch, Leonore"]
[Black "Zienert, Richard"]
[Result "0-1"]
[Termination "normal"]
[Board "20"]
[WhiteElo "966"]
[BlackElo "1374"]
[PlyCount "70"]
[WhiteFideId "12940372"]
[BlackFideId "12945986"]
[EventCountry "GER"]
[EventRounds "11"]
[EventType "swiss"]
[EventDate "2011.06.11"]

1. e4 c5 2. c4 e6 3. Nc3 a6 4. d3 Qc7 5. Be3 Nf6 6. g3 Be7 7. Bg2 Nc6 8. Nge2
O-O 9. f4 d6 10. Bf3 Rb8 11. g4 b6 12. g5 Ne8 13. h4 f6 14. Kd2 b5 15. Qg1 bxc4
16. Rb1 cxd3 17. Kxd3 Nb4+ 18. Kd2 Bb7 19. g6 h6 20. f5 exf5 21. exf5 Bxf3 22.
Rh3 Ba8 23. Nf4 Qd7 24. Ne6 Nc7 25. Nxf8 Qxf5 26. Rh2 Qd3+ 27. Kc1 Ncd5 28. Rd2
Qxe3 29. Qxe3 Nxe3 30. Nd7 Rb7 31. Re2 Nf5 32. a3 Nd3+ 33. Kc2 c4 34. Nxf6+
gxf6 35. Nd5 Nd4+ 0-1

[Event "DEM U10 2011"]
[Site "Oberhof GER"]
[Date "2011.06.12"]
[Round "2"]
[White "Pajeken, Jakob Leon"]
[Black "Muckle, Julius"]
[Result "0-1"]
[Termination "normal"]
[Board "21"]
[WhiteElo "915"]
[BlackElo "1357"]
[PlyCount "46"]
[WhiteFideId "12942839"]
[BlackFideId "12942430"]
[EventCountry "GER"]
[EventRounds "11"]
[EventType "swiss"]
[EventDate "2011.06.11"]

1. e4 e5 2. Nf3 d6 3. Nc3 f5 4. Bc4 fxe4 5. Ng1 Nf6 6. d3 d5 7. Bb3 Bb4 8. Nge2
d4 9. a3 Ba5 10. Ba4+ b5 11. Bxb5+ c6 12. Bxc6+ Nxc6 13. b4 Nxb4 14. O-O Nxc2
15. Qxc2 dxc3 16. dxe4 O-O 17. Rd1 Qb6 18. Nxc3 Bxc3 19. Qxc3 Nxe4 20. Qc4+ Kh8
21. Qxe4 Qxf2+ 22. Kh1 Qf1+ 23. Rxf1 Rxf1# 0-1

[Event "DEM U10 2011"]
[Site "Oberhof GER"]
[Date "2011.06.12"]
[Round "2"]
[White "Bureik, Nicolas"]
[Black "Sahki, Saphir"]
[Result "0-1"]
[Termination "normal"]
[Board "22"]
[WhiteElo "861"]
[BlackElo "1597"]
[PlyCount "38"]
[WhiteFideId "12971863"]
[BlackFideId "26028450"]
[EventCountry "GER"]
[EventRounds "11"]
[EventType "swiss"]
[EventDate "2011.06.11"]

1. e4 c5 2. Nf3 Nc6 3. d4 cxd4 4. Nxd4 Nf6 5. Nc3 d6 6. Bb5 Bd7 7. Be3 g6 8.
Qd2 Bg7 9. O-O-O O-O 10. Bh6 Bxh6 11. Qxh6 Ng4 12. Qh4 a6 13. f3 Ne3 14. Nxc6
bxc6 15. Bxc6 Bxc6 16. Rdg1 Nc4 17. g4 Qb6 18. b3 Qe3+ 19. Kd1 Qd2# 0-1

[Event "DEM U10 2011"]
[Site "Oberhof GER"]
[Date "2011.06.12"]
[Round "2"]
[White "Alekhanov, Jannis"]
[Black "Stein, Robert"]
[Result "1-0"]
[Termination "normal"]
[Board "23"]
[WhiteElo "1398"]
[BlackElo "1292"]
[PlyCount "133"]
[WhiteFideId "12921238"]
[BlackFideId "12921084"]
[EventCountry "GER"]
[EventRounds "11"]
[EventType "swiss"]
[EventDate "2011.06.11"]

1. e4 e5 2. Nf3 Nc6 3. Bc4 Bc5 4. d3 Nf6 5. Nc3 d6 6. Bg5 h6 7. Bh4 g5 8. Bg3
a6 9. Nd5 Nxd5 10. Bxd5 Ne7 11. Bc4 Be6 12. b3 Qd7 13. c3 O-O-O 14. O-O f6 15.
d4 exd4 16. cxd4 Bb6 17. Rc1 h5 18. h4 Bg4 19. Qd3 Bxf3 20. Qxf3 Bxd4 21. Rfd1
g4 22. Qd3 Bb6 23. b4 Rhf8 24. Qb3 Kb8 25. Rc2 f5 26. e5 f4 27. Bh2 g3 28. Bxg3
fxg3 29. Qxg3 Qg4 30. Qxg4 hxg4 31. exd6 Rxd6 32. Rxd6 cxd6 33. g3 Rc8 34. Bd3
Rxc2 35. Bxc2 Kc8 36. h5 Bd4 37. Bd1 Kd8 38. Bxg4 Ke8 39. Be6 d5 40. Kf1 Bc3
41. a3 Bb2 42. a4 Bc3 43. b5 axb5 44. axb5 b6 45. Ke2 Bg7 46. g4 Bh6 47. Kd3
Kf8 48. Kd4 Kg7 49. Ke5 Bg5 50. f4 Bf6+ 51. Kd6 d4 52. g5 d3 53. h6+ Kg6 54.
gxf6 Kxf6 55. h7 Ng6 56. Bb3 Kg7 57. f5 Nh8 58. Kc6 Kxh7 59. Kxb6 d2 60. Kc7
Nf7 61. b6 Ne5 62. b7 Nc4 63. b8=Q Kg7 64. Kd8 Kf8 65. Qb4+ Kg7 66. Qe7+ Kh8
67. Ke8 1-0

[Event "DEM U10 2011"]
[Site "Oberhof GER"]
[Date "2011.06.12"]
[Round "2"]
[White "Stobbe, Frederik"]
[Black "ter Stal, Sven"]
[Result "1-0"]
[Termination "normal"]
[Board "24"]
[WhiteElo "1105"]
[BlackElo "1056"]
[PlyCount "81"]
[BlackFideId "12946443"]
[EventCountry "GER"]
[EventRounds "11"]
[EventType "swiss"]
[EventDate "2011.06.11"]

1. e4 c5 2. Nf3 d6 3. d4 cxd4 4. Nxd4 Nc6 5. Bb5 Bd7 6. Nc3 Nf6 7. O-O g6 8. f4
Qb6 9. Bxc6 bxc6 10. Kh1 Bg7 11. h3 O-O 12. Be3 Qxb2 13. Qd3 Qb7 14. Rab1 Qc7
15. Rb2 c5 16. Ndb5 Bxb5 17. Nxb5 Qc6 18. Nc3 Nxe4 19. Bd2 Nxd2 20. Qxd2 Rab8
21. Rfb1 Rxb2 22. Rxb2 d5 23. Nxd5 Qd7 24. Nf6+ Bxf6 25. Qxd7 Bxb2 26. Qxe7 Bd4
27. Qxa7 Re8 28. Qa5 Rb8 29. Qe1 Rb2 30. c3 Bf2 31. Qe8+ Kg7 32. a4 Bg3 33. Qe4
Rf2 34. Qe1 Rxg2 35. Qe5+ f6 36. Qc7+ Kh6 37. Kxg2 Bxf4 38. Qxf4+ g5 39. Qxf6+
Kh5 40. h4 g4 41. Qg5# 1-0

[Event "DEM U10 2011"]
[Site "Oberhof GER"]
[Date "2011.06.12"]
[Round "2"]
[White "Rosenthal, Moritz"]
[Black "Bachmann, Jonas"]
[Result "1-0"]
[Termination "normal"]
[Board "25"]
[WhiteElo "847"]
[BlackElo "1396"]
[PlyCount "139"]
[WhiteFideId "12946338"]
[BlackFideId "12922919"]
[EventCountry "GER"]
[EventRounds "11"]
[EventType "swiss"]
[EventDate "2011.06.11"]

1. e4 e5 2. Nf3 Nc6 3. Bc4 Bc5 4. O-O Nf6 5. d3 h6 6. Nc3 d6 7. h3 Be6 8. Nd5
O-O 9. Be3 Bxe3 10. fxe3 Nh5 11. Nxe5 Ng3 12. Rf3 Nxe4 13. Nxc6 bxc6 14. dxe4
cxd5 15. exd5 Bd7 16. e4 Re8 17. Re3 Qg5 18. Qf3 Rab8 19. b3 Bb5 20. Bxb5 Rxb5
21. Rf1 f6 22. c4 Ra5 23. Re2 Rc8 24. Qf5 Qxf5 25. exf5 c6 26. dxc6 Rxc6 27. g4
Kf7 28. Kg2 Re5 29. Rxe5 fxe5 30. Re1 Kf6 31. Kg3 g6 32. fxg6 Kxg6 33. h4 Rc7
34. Rd1 Rd7 35. c5 d5 36. c6 Rd6 37. c7 Rc6 38. Rxd5 Rxc7 39. Rxe5 Rc2 40. Ra5
Rc3+ 41. Kf4 Rc7 42. Ra6+ Kg7 43. g5 Rf7+ 44. Kg4 hxg5 45. Kxg5 Kh7 46. Rh6+
Kg7 47. Rg6+ Kh7 48. h5 a5 49. h6 Ra7 50. Rg7+ Rxg7+ 51. hxg7 Kxg7 52. Kf5 Kf7
53. Ke5 Ke7 54. Kd5 Kd7 55. Kc5 a4 56. b4 Kc7 57. Kb5 a3 58. Ka4 Kb6 59. Kxa3
Kb5 60. Kb3 Kb6 61. a4 Ka6 62. Kc4 Kb6 63. Kd5 Ka6 64. Kc6 Ka7 65. b5 Ka8 66.
Kc7 Ka7 67. b6+ Ka8 68. b7+ Ka7 69. b8=Q+ Ka6 70. Qb6# 1-0

[Event "DEM U10 2011"]
[Site "Oberhof GER"]
[Date "2011.06.12"]
[Round "2"]
[White "Schamber, Dennis"]
[Black "Shoipov, Dennie"]
[Result "0-1"]
[Termination "normal"]
[Board "26"]
[WhiteElo "1039"]
[BlackElo "1336"]
[PlyCount "90"]
[WhiteFideId "12952176"]
[BlackFideId "14137755"]
[EventCountry "GER"]
[EventRounds "11"]
[EventType "swiss"]
[EventDate "2011.06.11"]

1. e4 e5 2. Nf3 Nc6 3. Bc4 Bc5 4. c3 Nf6 5. d4 exd4 6. cxd4 Bb4+ 7. Nc3 O-O 8.
Bg5 h6 9. Bh4 d6 10. O-O Re8 11. d5 Ne5 12. Nxe5 dxe5 13. Re1 a6 14. a3 Bc5 15.
b4 Be7 16. Qb3 Rf8 17. Re2 b5 18. Bd3 Bg4 19. Re3 Bh5 20. Rae1 Rc8 21. h3 c5
22. Bxf6 Bxf6 23. bxc5 Bg5 24. g4 Bxe3 25. Rxe3 Bg6 26. c6 h5 27. f3 Qb6 28.
Kf2 Qd8 29. Kg3 Qf6 30. Kf2 Qf4 31. a4 Qh2+ 32. Ke1 Qxh3 33. Kd2 Qg2+ 34. Ne2
hxg4 35. fxg4 Qxg4 36. axb5 axb5 37. Qxb5 Ra8 38. Qb7 Rfb8 39. Qe7 Re8 40. Qc7
Qg5 41. Qd6 Ra2+ 42. Bc2 Bxe4 43. Qd7 Rxc2+ 44. Ke1 Ra8 45. c7 Ra1+ 0-1

[Event "DEM U10 2011"]
[Site "Oberhof GER"]
[Date "2011.06.12"]
[Round "2"]
[White "Lohrmann, Tabea"]
[Black "Hoffmann, Jens"]
[Result "0-1"]
[Termination "normal"]
[Board "27"]
[WhiteElo "1039"]
[BlackElo "1327"]
[PlyCount "78"]
[WhiteFideId "12911941"]
[BlackFideId "12946320"]
[EventCountry "GER"]
[EventRounds "11"]
[EventType "swiss"]
[EventDate "2011.06.11"]

1. e4 e5 2. Nf3 Nc6 3. Bc4 Nd4 4. Nxd4 exd4 5. O-O d6 6. d3 Nf6 7. Bg5 Be7 8.
Nd2 O-O 9. h3 h6 10. Bh4 Ne8 11. Bxe7 Qxe7 12. Nf3 c5 13. Qd2 Be6 14. Bxe6 fxe6
15. Rfe1 a5 16. a3 b5 17. b4 a4 18. Rac1 Nf6 19. c4 bxc4 20. dxc4 Qb7 21. Qc2
cxb4 22. axb4 Qxb4 23. Nxd4 Rfe8 24. Rb1 Qc5 25. Nb5 a3 26. Ra1 Rec8 27. Rec1
d5 28. exd5 exd5 29. Rd1 Qxb5 30. cxb5 Rxc2 31. Rdb1 a2 32. Rb3 d4 33. b6 Rb8
34. b7 d3 35. Rxd3 Rxb7 36. Rdd1 Rcb2 37. Kf1 Rb1 38. Rdxb1 Rxb1+ 39. Rxb1
axb1=Q+ 0-1

[Event "DEM U10 2011"]
[Site "Oberhof GER"]
[Date "2011.06.12"]
[Round "2"]
[White "Merx, Florian"]
[Black "Niemann, Alexander"]
[Result "1/2-1/2"]
[Termination "normal"]
[Board "28"]
[WhiteElo "1035"]
[BlackElo "1311"]
[PlyCount "142"]
[WhiteFideId "16212304"]
[BlackFideId "12939862"]
[EventCountry "GER"]
[EventRounds "11"]
[EventType "swiss"]
[EventDate "2011.06.11"]

1. e4 c5 2. Nf3 d6 3. Nc3 Nf6 4. Bc4 g6 5. d3 Bg7 6. Be3 O-O 7. h3 Nc6 8. O-O
Bd7 9. a3 Rc8 10. Qd2 Re8 11. Rfe1 Qa5 12. Rad1 a6 13. Re2 b5 14. Bb3 b4 15.
axb4 Nxb4 16. Na2 Rb8 17. Ng5 Rf8 18. Nxb4 Qxb4 19. Qxb4 Rxb4 20. Bd2 Rb7 21.
Bc3 Bc6 22. Bc4 Bb5 23. e5 Bxc4 24. exf6 Bxf6 25. dxc4 Bxg5 26. Rd5 Bf6 27. b3
Bg7 28. Bxg7 Kxg7 29. Rd3 f5 30. Red2 Rf6 31. f3 Re6 32. g4 fxg4 33. hxg4 Re1+
34. Kf2 Ra1 35. Rd1 Rxd1 36. Rxd1 Rb8 37. Re1 Kf6 38. Ra1 Rb6 39. Rb1 a5 40.
Ra1 Ra6 41. c3 Rb6 42. Rb1 a4 43. b4 cxb4 44. cxb4 a3 45. b5 Ke5 46. Ke3 d5 47.
c5 a2 48. Ra1 Rxb5 49. Rxa2 Rxc5 50. Ra6 d4+ 51. Kd3 Rc3+ 52. Kd2 Rxf3 53. Ra5+
Ke4 54. Ra7 e5 55. Rxh7 Rf2+ 56. Ke1 Kf3 57. Rf7+ Kxg4 58. Rxf2 e4 59. Rd2 d3
60. Rg2+ Kf5 61. Kd2 g5 62. Ke3 g4 63. Rb2 g3 64. Rb5+ Kg4 65. Kxe4 d2 66. Rb1
Kh3 67. Kf3 Kh2 68. Rb2 g2 69. Rxd2 Kh1 70. Rd1+ g1=Q 71. Rxg1+ Kxg1 1/2-1/2

[Event "DEM U10 2011"]
[Site "Oberhof GER"]
[Date "2011.06.12"]
[Round "2"]
[White "Staufenberger, Philipp"]
[Black "Cejda, Cecilia"]
[Result "1-0"]
[Termination "normal"]
[Board "30"]
[WhiteElo "1033"]
[BlackElo "1130"]
[PlyCount "85"]
[WhiteFideId "12970883"]
[BlackFideId "12921122"]
[EventCountry "GER"]
[EventRounds "11"]
[EventType "swiss"]
[EventDate "2011.06.11"]

1. e4 e5 2. Nf3 Nf6 3. Nc3 Nc6 4. d4 Bb4 5. dxe5 Nxe4 6. Bd2 Nxd2 7. Qxd2 d5 8.
O-O-O Bg4 9. Bb5 Be7 10. Qxd5 Qxd5 11. Nxd5 Bg5+ 12. Nxg5 O-O 13. f3 Be6 14.
Nxc7 Rac8 15. Ncxe6 fxe6 16. Nxe6 Rfe8 17. Nd4 Rxe5 18. Nxc6 bxc6 19. Bc4+ Kf8
20. Rhe1 Rce8 21. Rxe5 Rxe5 22. Rd8+ Ke7 23. Rh8 Re1+ 24. Kd2 h6 25. Kxe1 a5
26. Rh7 a4 27. Rxg7+ Kf6 28. Rh7 a3 29. bxa3 c5 30. a4 h5 31. a5 h4 32. g3 hxg3
33. hxg3 Ke5 34. a6 Kd4 35. a7 Kxc4 36. a8=Q Kb5 37. Qc8 Kc4 38. c3 Kxc3 39.
Qxc5+ Kb2 40. Rb7+ Ka1 41. Qc1+ Kxa2 42. Qc6 Ka3 43. Qa6# 1-0

[Event "DEM U10 2011"]
[Site "Oberhof GER"]
[Date "2011.06.12"]
[Round "2"]
[White "Kopylov, Daniel"]
[Black "Weißenburg, Julia"]
[Result "1-0"]
[Termination "normal"]
[Board "31"]
[WhiteElo "1130"]
[BlackElo "995"]
[PlyCount "37"]
[WhiteFideId "12921971"]
[EventCountry "GER"]
[EventRounds "11"]
[EventType "swiss"]
[EventDate "2011.06.11"]

1. d4 d6 2. c4 g6 3. Nc3 Bg7 4. e4 Bd7 5. Nf3 e5 6. d5 c6 7. Be2 Nf6 8. O-O O-O
9. Bg5 Bg4 10. dxc6 Nxc6 11. Nb5 Qb6 12. Bxf6 Bxf6 13. Qxd6 Be7 14. Qd2 Bb4 15.
Qh6 Nd4 16. Nbxd4 exd4 17. Ng5 Rfd8 18. Qxh7+ Kf8 19. Qxf7# 1-0

[Event "DEM U10 2011"]
[Site "Oberhof GER"]
[Date "2011.06.12"]
[Round "2"]
[White "Schumacher, Simon"]
[Black "Riegel, Arinna"]
[Result "1-0"]
[Termination "normal"]
[Board "32"]
[WhiteElo "1005"]
[BlackElo "1118"]
[PlyCount "127"]
[BlackFideId "12931446"]
[EventCountry "GER"]
[EventRounds "11"]
[EventType "swiss"]
[EventDate "2011.06.11"]

1. e4 e5 2. Bc4 Bc5 3. Nf3 Nc6 4. Nc3 Nf6 5. O-O O-O 6. d3 d6 7. Bg5 h6 8. Bh4
Bg4 9. Nd5 Nd4 10. Nxf6+ gxf6 11. Bd5 c6 12. Bc4 Nxf3+ 13. gxf3 Be6 14. Bxe6
fxe6 15. Qd2 Kh7 16. Rfe1 Qe7 17. c3 Qg7+ 18. Kh1 Rg8 19. Bg3 Qg5 20. Qxg5 fxg5
21. Red1 Rgf8 22. Kg2 h5 23. h3 h4 24. Bh2 Rf6 25. d4 exd4 26. cxd4 Bb4 27. a3
Ba5 28. Bxd6 Rf7 29. d5 exd5 30. exd5 Rd8 31. dxc6 bxc6 32. Rac1 Rc8 33. Rc5
Bd8 34. Rdc1 Rf6 35. Rxc6 Rxc6 36. Rxc6 Be7 37. Rc7 Rxd6 38. Rxe7+ Kg6 39. Rxa7
Rd2 40. Rb7 Kf6 41. a4 Rd4 42. a5 Ra4 43. Rb6+ Kf5 44. a6 Ke5 45. b4 Kd5 46.
Kf1 Ke5 47. Rb5+ Kf4 48. Ra5 Rxa5 49. bxa5 Kxf3 50. a7 g4 51. a8=Q+ Kf4 52.
Qf8+ Ke5 53. hxg4 h3 54. Qd8 h2 55. Kg2 h1=Q+ 56. Kxh1 Kf4 57. Qe7 Kxg4 58. Qf6
Kh3 59. Kg1 Kg4 60. f3+ Kh5 61. f4 Kg4 62. Qg5+ Kh3 63. Kf2 Kh2 64. Qh4# 1-0

[Event "DEM U10 2011"]
[Site "Oberhof GER"]
[Date "2011.06.12"]
[Round "2"]
[White "Arnhold, Steffi"]
[Black "Wurst, Maximilian"]
[Result "1-0"]
[Termination "normal"]
[Board "33"]
[WhiteElo "1117"]
[BlackElo "964"]
[PlyCount "41"]
[WhiteFideId "12931365"]
[BlackFideId "12971812"]
[EventCountry "GER"]
[EventRounds "11"]
[EventType "swiss"]
[EventDate "2011.06.11"]

1. e4 e5 2. Nf3 Nc6 3. Bb5 Bc5 4. O-O Nge7 5. c3 d6 6. d4 exd4 7. cxd4 Bb6 8.
Nc3 O-O 9. Re1 Bg4 10. Bf4 Nxd4 11. Bd3 Ng6 12. Be3 Nh4 13. Bxd4 Bxd4 14. Bc2
Bxc3 15. bxc3 Qf6 16. Re3 h6 17. Qd3 Nxf3+ 18. gxf3 Bh3 19. Kh1 Qh4 20. e5 Qxf2
21. Qh7# 1-0

[Event "DEM U10 2011"]
[Site "Oberhof GER"]
[Date "2011.06.12"]
[Round "2"]
[White "Herbert, Fabian"]
[Black "Adler, Jakob"]
[Result "1-0"]
[Termination "normal"]
[Board "34"]
[WhiteElo "949"]
[BlackElo "1111"]
[PlyCount "89"]
[WhiteFideId "12940402"]
[EventCountry "GER"]
[EventRounds "11"]
[EventType "swiss"]
[EventDate "2011.06.11"]

1. e4 c5 2. Nf3 d6 3. Nc3 Nf6 4. d3 Nc6 5. Bg5 e6 6. Be2 Be7 7. O-O O-O 8. Qd2
a6 9. Rfe1 b5 10. Rad1 d5 11. e5 Nd7 12. Bxe7 Qxe7 13. Qe3 d4 14. Qe4 Bb7 15.
Nb1 Rab8 16. a3 Ncxe5 17. Qf4 Nxf3+ 18. Bxf3 Bxf3 19. Qxf3 b4 20. Nd2 bxa3 21.
bxa3 Rb6 22. Nc4 Rb5 23. Qc6 Nb8 24. Qe4 Rc8 25. Qf4 Rc7 26. Rb1 Rxb1 27. Rxb1
Rb7 28. Nb2 Qf6 29. Qe4 Rb6 30. Qe1 Nc6 31. Na4 Rxb1 32. Qxb1 Qe5 33. Kf1 Qxh2
34. Qb6 Qd6 35. Nxc5 a5 36. Nb7 Qd5 37. c4 Qd7 38. Nxa5 Ne7 39. c5 h6 40. c6
Qd6 41. Nb7 Qd5 42. c7 Qh5 43. g3 Qd5 44. Nd6 Qa8 45. Qb8+ 1-0

[Event "DEM U10 2011"]
[Site "Oberhof GER"]
[Date "2011.06.12"]
[Round "2"]
[White "Wastian, Mareike"]
[Black "Ackermann, Constantin"]
[Result "0-1"]
[Termination "normal"]
[Board "35"]
[WhiteElo "932"]
[BlackElo "1103"]
[PlyCount "98"]
[WhiteFideId "12947423"]
[EventCountry "GER"]
[EventRounds "11"]
[EventType "swiss"]
[EventDate "2011.06.11"]

1. e4 e5 2. Nf3 Nc6 3. Bb5 a6 4. Bxc6 dxc6 5. Nc3 Bd6 6. O-O Qf6 7. d4 exd4 8.
Qxd4 Qxd4 9. Nxd4 Nf6 10. Nf3 O-O 11. e5 Bxe5 12. Nxe5 Re8 13. Nf3 Bf5 14. Nd4
Bg6 15. Bg5 Ne4 16. Nxe4 Rxe4 17. Nf3 Re2 18. Rad1 Rxc2 19. Bd8 Rxb2 20. Bxc7
Rxa2 21. Rd7 a5 22. Rfd1 h6 23. h3 a4 24. Rd8+ Rxd8 25. Rxd8+ Kh7 26. Ra8 b5
27. Nd4 b4 28. Nxc6 b3 29. Rb8 b2 30. Be5 Ra1+ 31. Kh2 b1=Q 32. Bxa1 Qxa1 33.
Ra8 a3 34. Nb4 Qb2 35. Nd5 a2 36. Ne3 a1=Q 37. Rxa1 Qxa1 38. Kg3 Qe5+ 39. Kf3
f5 40. g4 fxg4+ 41. hxg4 Be4+ 42. Ke2 Qb2+ 43. Kf1 Bf3 44. Kg1 g6 45. Kh2 Qxf2+
46. Kh3 Qxe3 47. Kh4 Qg5+ 48. Kh3 Qxg4+ 49. Kh2 Qg2# 0-1

[Event "DEM U10 2011"]
[Site "Oberhof GER"]
[Date "2011.06.12"]
[Round "2"]
[White "Santos, Leonardo"]
[Black "Maaß, Timo"]
[Result "1-0"]
[Termination "normal"]
[Board "36"]
[WhiteElo "1100"]
[BlackElo "882"]
[PlyCount "65"]
[WhiteFideId "12965049"]
[EventCountry "GER"]
[EventRounds "11"]
[EventType "swiss"]
[EventDate "2011.06.11"]

1. e4 e5 2. Nf3 Nc6 3. d4 exd4 4. Nxd4 Nxd4 5. Qxd4 Qf6 6. e5 Qf5 7. Bd3 Qe6 8.
O-O g6 9. Re1 Bg7 10. Bg5 d6 11. f4 Ne7 12. Nc3 O-O 13. Bf6 Nc6 14. Qe3 Bxf6
15. exf6 Qxf6 16. Nd5 Qd8 17. Re2 Bg4 18. Rf2 Re8 19. Qd2 Ne7 20. Nf6+ Kg7 21.
Nxe8+ Qxe8 22. Re1 Qd7 23. h3 Be6 24. Rfe2 Re8 25. Re3 Nd5 26. R3e2 Qa4 27. f5
Bd7 28. Rxe8 Bxe8 29. fxg6 hxg6 30. Qe2 Bc6 31. Qe4 Nb4 32. Qd4+ Kf8 33. Qh8#
1-0

[Event "DEM U10 2011"]
[Site "Oberhof GER"]
[Date "2011.06.12"]
[Round "2"]
[White "Flach, Helene"]
[Black "Könze, Heike"]
[Result "0-1"]
[Termination "normal"]
[Board "37"]
[WhiteElo "849"]
[BlackElo "1093"]
[PlyCount "56"]
[WhiteFideId "12929735"]
[BlackFideId "12964476"]
[EventCountry "GER"]
[EventRounds "11"]
[EventType "swiss"]
[EventDate "2011.06.11"]

1. e4 d6 2. d4 Nf6 3. Bd3 g6 4. Nf3 Bg7 5. Bc4 Nxe4 6. Qe2 Nf6 7. Ng5 O-O 8.
Qf3 Nc6 9. h3 Nxd4 10. Qf4 Nxc2+ 11. Kf1 Nxa1 12. Bb3 Nh5 13. Bxf7+ Kh8 14. Qh4
h6 15. Bxg6 Nf6 16. Nf3 Qd7 17. Bxh6 Qb5+ 18. Kg1 Qxb2 19. Bg5+ Kg8 20. Bxf6
Rxf6 21. Qe4 Re6 22. Qc4 b5 23. Qd5 Rb8 24. Ng5 c6 25. Qxc6 Re1+ 26. Kh2 Be5+
27. g3 Qxf2+ 28. Qg2 Bxg3# 0-1

[Event "DEM U10 2011"]
[Site "Oberhof GER"]
[Date "2011.06.12"]
[Round "2"]
[White "Nguyen, Ha Thanh"]
[Black "Kobald, Jacqueline"]
[Result "1-0"]
[Termination "normal"]
[Board "38"]
[WhiteElo "1092"]
[BlackElo "806"]
[PlyCount "57"]
[WhiteFideId "12942154"]
[BlackFideId "12988162"]
[EventCountry "GER"]
[EventRounds "11"]
[EventType "swiss"]
[EventDate "2011.06.11"]

1. e4 e5 2. Nf3 Nc6 3. Bc4 Bc5 4. c3 Nf6 5. d4 Bd6 6. dxe5 Nxe5 7. Nxe5 Bxe5 8.
Nd2 d6 9. h3 d5 10. exd5 Nxd5 11. O-O Nf4 12. Qf3 O-O 13. Ne4 Qh4 14. Bxf4 Bxf4
15. g3 Qxh3 16. Qxf4 c6 17. Ng5 Qd7 18. Qe4 Re8 19. Qxh7+ Kf8 20. Qh8+ Ke7 21.
Rfe1+ Kd8 22. Rxe8+ Qxe8 23. Rd1+ Bd7 24. Nxf7+ Ke7 25. Re1+ Kf6 26. Qh4+ Kg6
27. Qg5+ Kh7 28. Qh5+ Kg8 29. Qh8# 1-0

[Event "DEM U10 2011"]
[Site "Oberhof GER"]
[Date "2011.06.12"]
[Round "2"]
[White "Pantsernaya, Sofya"]
[Black "Rau, Jennifer"]
[Result "0-1"]
[Termination "normal"]
[Board "39"]
[WhiteElo "769"]
[BlackElo "1092"]
[PlyCount "76"]
[WhiteFideId "12993182"]
[BlackFideId "12983276"]
[EventCountry "GER"]
[EventRounds "11"]
[EventType "swiss"]
[EventDate "2011.06.11"]

1. e4 e5 2. Nf3 Nc6 3. Bc4 Bc5 4. c3 Be7 5. d4 exd4 6. cxd4 d6 7. Bd2 Bg4 8. d5
Nd4 9. h3 Nxf3+ 10. gxf3 Bh5 11. Bc3 Bf6 12. Nd2 Bxc3 13. bxc3 Qf6 14. Rb1 Rb8
15. Ba6 Ne7 16. Bxb7 O-O 17. Nc4 Bxf3 18. Qa4 Bxh1 19. Qxa7 Qxc3+ 20. Nd2 Bxe4
21. Rc1 Qxc1+ 22. Ke2 Bg6 23. Qe3 Qb2 24. Qg3 Qe5+ 25. Qxe5 dxe5 26. Ba6 Rb2
27. a4 Nxd5 28. Bb5 Nc3+ 29. Ke1 Nxb5 30. axb5 Rxb5 31. Nc4 Bf5 32. Na3 Rb4 33.
Nc2 Bxc2 34. Kf1 Be4 35. Kg1 Rd8 36. Kh2 Rd3 37. Kg1 Rb1+ 38. Kh2 Rh1# 0-1

[Event "DEM U10 2011"]
[Site "Oberhof GER"]
[Date "2011.06.12"]
[Round "2"]
[White "Ratay, Meike"]
[Black "Weiten, Teresa"]
[Result "1-0"]
[Termination "normal"]
[Board "40"]
[WhiteElo "1087"]
[BlackElo "766"]
[PlyCount "80"]
[WhiteFideId "12977608"]
[BlackFideId "12971944"]
[EventCountry "GER"]
[EventRounds "11"]
[EventType "swiss"]
[EventDate "2011.06.11"]

1. e4 e5 2. Nf3 Nc6 3. Bc4 Nf6 4. Ng5 Bc5 5. Nxf7 Bxf2+ 6. Kxf2 Nxe4+ 7. Kg1
Qf6 8. Qe2 Rf8 9. Qxe4 d6 10. d3 Be6 11. Bxe6 Qxe6 12. Ng5 Qf6 13. Qf3 Qxf3 14.
gxf3 O-O-O 15. Ne6 Rf6 16. Nxd8 Nxd8 17. Kg2 Rg6+ 18. Kf2 Ne6 19. Rg1 Rxg1 20.
Kxg1 g5 21. Nc3 h5 22. Be3 g4 23. fxg4 hxg4 24. Kf2 Kd7 25. Rg1 d5 26. Nxd5 Kd6
27. Nf6 a5 28. Rxg4 b5 29. h4 c5 30. h5 Nf8 31. h6 e4 32. Nxe4+ Ke6 33. Nxc5+
Kf5 34. Rg8 Nh7 35. Rg5+ Nxg5 36. Bxg5 Kxg5 37. h7 b4 38. h8=Q b3 39. axb3 a4
40. bxa4 Kf5 1-0

[Event "DEM U10 2011"]
[Site "Oberhof GER"]
[Date "2011.06.12"]
[Round "2"]
[White "Reuker, Ronja"]
[Black "Demme, Miriam"]
[Result "0-1"]
[Termination "normal"]
[Board "41"]
[WhiteElo "730"]
[BlackElo "1086"]
[PlyCount "110"]
[WhiteFideId "12947172"]
[BlackFideId "12966703"]
[EventCountry "GER"]
[EventRounds "11"]
[EventType "swiss"]
[EventDate "2011.06.11"]

1. e4 c5 2. d4 cxd4 3. Qxd4 Nc6 4. Qd1 Nf6 5. Nc3 g6 6. Bc4 Bg7 7. Nf3 d6 8.
Be3 O-O 9. O-O Be6 10. Bxe6 fxe6 11. Ng5 Qd7 12. Ne2 h6 13. Nf3 Nxe4 14. Rb1 e5
15. Qd3 d5 16. Nh4 Qd6 17. f3 Nc5 18. Qxg6 Rf6 19. Qg4 e4 20. f4 d4 21. Bxd4
Nxd4 22. Nxd4 Qxd4+ 23. Rf2 Raf8 24. Rd1 Qe3 25. Qe2 Qxe2 26. Rxe2 Rxf4 27. Ng6
e3 28. Nxf4 Rxf4 29. Rxe3 Bd4 30. Rxd4 Rxd4 31. Rxe7 Rd1+ 32. Kf2 Rd2+ 33. Re2
Ne4+ 34. Ke3 Rxe2+ 35. Kxe2 Nc5 36. b4 Na4 37. Kd2 Kf7 38. c3 Ke6 39. c4 Kd6
40. Kd3 Kc6 41. b5+ Kc5 42. g3 Nb6 43. g4 Nxc4 44. g5 hxg5 45. h3 Kxb5 46. Kc3
Kc5 47. Kb3 a5 48. a4 b5 49. axb5 Kxb5 50. Ka2 a4 51. Ka1 a3 52. Kb1 Ne5 53.
Ka2 Kb4 54. Ka1 Ng6 55. Ka2 Nf4 0-1

[Event "DEM U10 2011"]
[Site "Oberhof GER"]
[Date "2011.06.12"]
[Round "2"]
[White "Yankelevich, Michael"]
[Black "von Pogrell, Anna"]
[Result "1-0"]
[Termination "normal"]
[Board "42"]
[WhiteElo "1083"]
[BlackElo "719"]
[PlyCount "73"]
[WhiteFideId "12921440"]
[EventCountry "GER"]
[EventRounds "11"]
[EventType "swiss"]
[EventDate "2011.06.11"]

1. e4 e5 2. Nf3 Nc6 3. Bc4 Bc5 4. d3 Nf6 5. O-O d6 6. h3 O-O 7. Be3 Bxe3 8.
fxe3 Nd7 9. d4 Nb6 10. Bb3 Qf6 11. Nxe5 Qe7 12. Nxf7 Be6 13. Bxe6 Qxe6 14. Ng5
Qc4 15. Nd2 Rxf1+ 16. Qxf1 Rf8 17. Qxc4+ Nxc4 18. Nxc4 b5 19. d5 Nb4 20. c3 Nd3
21. Rd1 Nc5 22. b4 Nd7 23. Na5 h6 24. Ne6 Rf7 25. Rf1 Nb6 26. Rxf7 Kxf7 27.
Nxc7 g5 28. Nxb5 a6 29. Nxd6+ Kg6 30. Nac4 Nxc4 31. Nxc4 h5 32. d6 g4 33. d7
Kg5 34. d8=Q+ Kh6 35. Qg8 gxh3 36. Nd6 hxg2 37. Nf7# 1-0